000 00841nam a22002531a 4500
001 25386
003 BD-RjUL
005 20211209050855.0
008 140318s1969 enkb b 001 0 eng
020 _a0043250157
035 _a(BD-RjUL)25456
040 _aLC
_beng
_cLC
_dANL
_dBD-RjUL
041 _aeng
082 0 4 _a320.959
_bGIP 1969
100 1 _aGirling, John L. S.
_q(John Lawrence Scott)
_978050
245 1 0 _aPeople's war :
_bthe conditions and the consequences in China and in South East Asia /
_cby J. L. S. Girling.
260 _aLondon :
_bAllen & Unwin,
_c1969.
300 _a244 p. :
_bIll. ;
_c23 cm.
504 _aBibliography: p. [233]-240. and Index: p.[241]-244.
650 0 _aCommunism
_zChina.
_910067
651 0 _aSoutheast Asia
_xPolitics and government
_y1945-
_978051
942 _2ddc
_cBK
999 _c25386
_d25386